Normal view
MARC view
Entry Personal Name
001 - CONTROL NUMBER
- control field: 25610
003 - CONTROL NUMBER IDENTIFIER
- control field: ARRUPE
005 - DATE AND TIME OF LATEST TRANSACTION
- control field: 20160909104253.0
008 - FIXED-LENGTH DATA ELEMENTS
- fixed length control field: 160909|| aca||aabn | a|a d
040 ## - CATALOGING SOURCE
- Original cataloging agency: ARRUPE
- Transcribing agency: ARRUPE
100 ## - HEADING--PERSONAL NAME
- Personal name: Ackermann, W.
- Fuller form of name: (Wilhelm),
- Dates associated with a name: 1896-
- Relator term: joint author.
670 ## - SOURCE DATA FOUND
- Source citation: Work cat.: (ARRUPE)0: Hilbert, David, 1862-1943. 25608, Principles of mathematical logic,, 1950.